| 000 | 01151nam a22003617a 4500 | ||
|---|---|---|---|
| 001 | 0065449 | ||
| 003 | KOHA_MİRAKIL | ||
| 005 | 20260207004601.0 | ||
| 007 | ta | ||
| 008 | 200320b2003 tu |||gr||||#||||0|tur | | ||
| 020 | _a9758691333 | ||
| 040 |
_aTR-BiSEU _btur _cTR-BiSEU _erda |
||
| 041 | 0 | _atur | |
| 044 | _ctu | ||
| 050 |
_aDS119.6 _b.E76 2003 |
||
| 100 | 1 | _aEroğlu, Cevat. | |
| 245 | 1 |
_aİsrail'in Beka stratejisi ve kürtler/ _cCevat Eroğlu ; Cevat Eroğlu. |
|
| 264 | 1 |
_aİstanbul : _bSayfa Yayınları _c2003 |
|
| 300 | _a244 sayfa; 20 cm | ||
| 336 |
_ametin _btxt _2rdacontent |
||
| 337 |
_aaracısız _bn _2rdamedia |
||
| 338 |
_acilt _bnc _2rdacarrier |
||
| 490 | 1 |
_aSayafa yayınları ; _v2004-02. |
|
| 490 | 1 |
_aAraştırma ; _v001.02 |
|
| 500 | _aKaynakça var. | ||
| 650 | 0 |
_aİsrail--Dış ilişkiler--Kürtler. _98056 |
|
| 650 | 0 |
_aKürtler--Dış ilişkiler--İsrail. _98057 |
|
| 650 | 0 |
_aİsrail--Dış ilişkiler--Ortadoğu. _98058 |
|
| 650 | 0 |
_aOrtadoğu--Dış ilişkiler--İsrail. _98059 |
|
| 830 | 1 |
_aSayafa yayınları ; _v2004-02. _9122781 |
|
| 830 | 1 |
_aAraştırma ; _v001.02 _916699 |
|
| 942 |
_2lcc _cBK |
||
| 999 |
_c65784 _d65784 |
||